|
|
|
|
| LEADER |
00000naa2a2200000 4500 |
| 001 |
186464 |
| 005 |
20231031173541.0 |
| 035 |
|
|
|a (RuTPU)RU\TPU\book\202311
|
| 090 |
|
|
|a 186464
|
| 100 |
|
|
|a 20101028d2008 k y0rusy50 ca
|
| 101 |
0 |
|
|a rus
|
| 102 |
|
|
|a RU
|
| 200 |
1 |
|
|a Визуальность как феномен современной культуры
|f В. В. Колодий
|
| 463 |
|
0 |
|0 (RuTPU)RU\TPU\book\194420
|t Актуальные проблемы гуманитарных наук
|o сборник научных трудов
|f Томский политехнический университет (ТПУ)
|v С. 382-383
|d 2008
|p 562 с.
|
| 610 |
1 |
|
|a современная культура
|
| 610 |
1 |
|
|a визуальность
|
| 610 |
1 |
|
|a глобализация
|
| 610 |
1 |
|
|a фотография
|
| 610 |
1 |
|
|a труды учёных ТПУ
|
| 700 |
|
1 |
|a Колодий
|b В. В.
|c специалист в области культурологии и социальных коммуникаций
|c старший преподаватель Томского политехнического университета, кандидат филологических наук
|f 1984-
|g Вячеслав Владимирович
|2 stltpush
|3 (RuTPU)RU\TPU\pers\27133
|
| 801 |
|
1 |
|a RU
|b 63413507
|c 20101028
|
| 801 |
|
2 |
|a RU
|b 63413507
|c 20161103
|g RCR
|
| 942 |
|
|
|c BK
|